| 000 | 01092nab a22002537a 4500 | ||
|---|---|---|---|
| 999 |
_c6024 _d6024 |
||
| 003 | OSt | ||
| 005 | 20260116192920.0 | ||
| 008 | 190605e xxu||||| |||| 00| 0 spa d | ||
| 040 | _cPJ | ||
| 100 |
_aGarcía Borrás, Hebe A. _96826 |
||
| 245 | 1 | 0 |
_aEl tratamiento de los créditos laborales en el proceso concursal / _cHebe A. García Borrás. |
| 260 |
_aCiudad Autónoma de Buenos Aires : _bThomson Reuters La Ley, _c2025. |
||
| 300 | _ap. 97-100 | ||
| 500 | _aCita Online: Cita: TR LALEY AR/DOC/1554/2025. | ||
| 505 | _aFallo comentado: CS ~ 03/04/2025 ~ Acevedo, Eva María c. Manufactura Textil San Justo s/ quiebra. | ||
| 505 | _t¿Te interesa el texto completo? Solicitalo al correo: koha@justierradelfuego.gov.ar | ||
| 650 | 0 |
_91316 _aDERECHO LABORAL |
|
| 650 | 0 |
_91739 _aQUIEBRA |
|
| 650 | 0 |
_91737 _aCONCURSOS |
|
| 650 | 0 |
_94925 _aORGANIZACION INTERNACIONAL DEL TRABAJO |
|
| 650 | 0 |
_aDERECHOS HUMANOS _9614 |
|
| 773 | 0 |
_02711 _93168 _dCiudad Autónoma de Buenos Aires : Thomson Reuters La Ley, 1999-2002. _tRevista de derecho del trabajo. Nº 4 - Julio 2025 |
|
| 942 |
_2udc _cANA |
||